[Event "SUI-ch U14"]
[Site "Biel"]
[Date "2022.07.18"]
[Round "2"]
[White "Mattenberger, Matthias"]
[Black "Scherler, Julius"]
[Result "1-0"]
[WhiteElo "2005"]
[BlackElo "1971"]
[PlyCount "119"]
[EventDate "2022.07.18"]
[EventType "swiss"]
[EventRounds "7"]
[EventCountry "SUI"]
[SourceTitle "EXT 2023"]
[Source "ChessBase"]
[SourceDate "2022.10.05"]
[SourceVersion "1"]
[SourceVersionDate "2022.10.05"]
[SourceQuality "1"]

1. d4 d5 2. c4 e6 3. Nc3 c5 4. cxd5 cxd4 5. Qa4+ Bd7 6. Qxd4 exd5 7. Qxd5 Nf6 8. Qd1 Bc5 9. e3 0-0 10. Nf3 Qe7 11. a3 Rd8 12. Be2 Nc6 13. 0-0 a6 14. Qc2 Ne5 15. Nxe5 Qxe5 16. Bf3 Bg4 17. Qe2 Bd6 18. g3 Qh5 19. Bxg4 Nxg4 20. f3 Ne5 21. Kg2 Bc5 22. e4 Nd3 23. Nd5 Ne5 24. Rd1 Rac8 25. Bf4 Ng6 26. Rac1 Nxf4+ 27. Nxf4 Qe5 28. Nd3 Qe7 29. Nxc5 Rxd1 30. Qxd1 Rxc5 31. Rxc5 Qxc5 32. Qd8+ Qf8 33. Qxf8+ Kxf8 34. Kf2 Ke7 35. Ke3 Ke6 36. Kd4 Kd6 37. f4 f6 38. b4 b6 39. g4 g6 40. h4 h5 41. gxh5 gxh5 42. e5+ Ke6 43. exf6 Kxf6 44. Ke4 Ke6 45. f5+ Kf6 46. Kf4 Kf7 47. Kg5 a5 48. b5 a4 49. f6 Kf8 50. Kxh5 Kf7 51. Kg5 Kf8 52. Kg6 Kg8 53. f7+ Kf8 54. h5 Ke7 55. Kg7 Kd7 56. f8Q Kc7 57. Qe7+ Kb8 58. h6 Ka8 59. h7 Kb8 60. h8Q# 1-0

[Event "Bassano del Grappa Easter op-A 2nd"]
[Site "Bassano del Grappa"]
[Date "2022.04.16"]
[Round "6"]
[White "Scherler, Julius"]
[Black "Hercegovac, Neven"]
[Result "1-0"]
[WhiteElo "1968"]
[BlackElo "2105"]
[PlyCount "129"]
[EventDate "2022.04.14"]
[EventType "swiss"]
[EventRounds "9"]
[EventCountry "ITA"]
[SourceTitle "EXT 2024"]
[Source "ChessBase"]
[SourceDate "2023.10.10"]
[SourceVersion "1"]
[SourceVersionDate "2023.10.10"]
[SourceQuality "1"]

1. e4 c5 2. Nf3 d6 3. d4 cxd4 4. Qxd4 a6 5. Be2 Nc6 6. Qe3 g6 7. 0-0 Bg7 8. h3 Nf6 9. Rd1 Qc7 10. Nc3 0-0 11. Qf4 b5 12. Nd5 Nxd5 13. exd5 Ne5 14. c3 Bb7 15. Nxe5 Bxe5 16. Qh4 e6 17. Bh6 Bxd5 18. Bxf8 Rxf8 19. Bf1 Rb8 20. g3 Qb7 21. Qb4 Qb6 22. Qh4 Rc8 23. Bg2 Rc4 24. Qg5 Bxg2 25. Kxg2 b4 26. cxb4 Bxb2 27. Rab1 Rxb4 28. Qe7 d5 29. Rdc1 Rc4 30. Rxc4 dxc4 31. Rd1 Bd4 32. Qd7 e5 33. Qc8+ Kg7 34. Qxc4 Bxf2 35. Rf1 Bc5 36. Rxf7+ Kh8 37. Qc3 Qc6+ 38. Qf3 Qxf3+ 39. Kxf3 a5 40. Ke4 Bd4 41. a4 Kg8 42. Rd7 h5 43. Rd5 Bc3 44. Rc5 Bb4 45. Rc7 Be1 46. g4 h4 47. Rc5 Kf7 48. Kxe5 Bg3+ 49. Kd5 Be1 50. Rc6 Bf2 51. Kc4 Be1 52. Kb5 g5 53. Ra6 Bb4 54. Rxa5 Bxa5 55. Kxa5 Ke6 56. Kb6 Ke5 57. a5 Kf4 58. a6 Kg3 59. a7 Kxh3 60. a8Q Kxg4 61. Qg2+ Kf4 62. Qf2+ Ke4 63. Qf6 h3 64. Qxg5 Kf3 65. Qg1 1-0

[Event "Zuerich Christmas op 44th"]
[Site "Tornelo INT"]
[Date "2020.12.29"]
[Round "6"]
[White "Enderli, Roland"]
[Black "Scherler, Julius"]
[Result "0-1"]
[WhiteElo "1605"]
[BlackElo "1727"]
[PlyCount "88"]
[EventDate "2020.12.26"]
[EventType "swiss"]
[EventRounds "7"]
[EventCountry "SUI"]
[SourceTitle "CBM 200 Extra"]
[Source "ChessBase"]
[SourceDate "2021.03.31"]
[SourceVersion "1"]
[SourceVersionDate "2021.03.31"]
[SourceQuality "1"]

1. d4 Nf6 2. Nf3 c5 3. e3 g6 4. c3 cxd4 5. exd4 Bg7 6. Bf4 0-0 7. Be2 d6 8. Nbd2 Qb6 9. Nc4 Qc7 10. 0-0 Bg4 11. Nfd2 Bxe2 12. Qxe2 Re8 13. Rfe1 Nc6 14. Qf3 Qd7 15. Rac1 Rac8 16. Rcd1 b5 17. Ne3 b4 18. Nd5 bxc3 19. Nxf6+ Bxf6 20. bxc3 Bg7 21. Ne4 Qf5 22. Re2 d5 23. Ng3 Qd7 24. Rb1 h5 25. Reb2 e5 26. dxe5 Nxe5 27. Bxe5 Bxe5 28. Rd2 Red8 29. Rbd1 Rc5 30. Ne4 Ra5 31. Nf6+ Bxf6 32. Qxf6 Rc8 33. Qf3 Qe6 34. Rxd5 Rxa2 35. Rd8+ Rxd8 36. Rxd8+ Kg7 37. Rd1 a5 38. Qd3 Qf6 39. Qd4 Rc2 40. g3 Rxc3 41. Qa4 Qe5 42. Ra1 Kf6 43. Qxa5 Rc1+ 44. Kg2 Rxa1 0-1

[Event "Zuerich Christmas op 44th"]
[Site "Tornelo INT"]
[Date "2020.12.27"]
[Round "2"]
[White "Chennaoui, Yasin"]
[Black "Scherler, Julius"]
[Result "1-0"]
[WhiteElo "2079"]
[BlackElo "1727"]
[PlyCount "63"]
[EventDate "2020.12.26"]
[EventType "swiss"]
[EventRounds "7"]
[EventCountry "SUI"]
[SourceTitle "CBM 200 Extra"]
[Source "ChessBase"]
[SourceDate "2021.03.31"]
[SourceVersion "1"]
[SourceVersionDate "2021.03.31"]
[SourceQuality "1"]

1. c4 Nf6 2. g3 e5 3. Bg2 d5 4. cxd5 Nxd5 5. Nc3 Nb6 6. Nf3 Nc6 7. 0-0 Be6 8. d3 Be7 9. Be3 Qd7 10. Ng5 Bxg5 11. Bxg5 f6 12. Be3 h5 13. h4 0-0-0 14. Ne4 Bh3 15. Nc5 Qg4 16. Bf3 Qb4 17. Re1 g5 18. hxg5 h4 19. Rc1 hxg3 20. fxg3 fxg5 21. Nxb7 Nd5 22. Nxd8 Nxe3 23. Nxc6 Qb6 24. Qb3 Qxb3 25. axb3 g4 26. Be4 Rh5 27. Rc5 Kd7 28. Nxe5+ Kd6 29. d4 Ke7 30. Rxc7+ Kd8 31. Rd7+ Ke8 32. Bg6+ 1-0

[Event "Wch FIDE Online U12 Europe qual"]
[Site "Tornelo INT"]
[Date "2020.12.08"]
[Round "3"]
[White "De Winter, Arthur"]
[Black "Scherler, Julius"]
[Result "1-0"]
[WhiteElo "1987"]
[BlackElo "1769"]
[PlyCount "133"]
[EventDate "2020.12.07"]
[EventType "swiss (rapid)"]
[EventRounds "7"]
[EventCountry "ISS"]
[SourceTitle "EXT 2022"]
[Source "ChessBase"]
[SourceDate "2021.10.06"]
[SourceVersion "1"]
[SourceVersionDate "2021.10.06"]
[SourceQuality "1"]

1. e4 c6 2. d4 d5 3. e5 Bf5 4. c4 e6 5. Nc3 Ne7 6. Nge2 dxc4 7. Ng3 Bd3 8. Bxd3 cxd3 9. Qxd3 Nd5 10. 0-0 Na6 11. Nge4 Nac7 12. Qg3 h6 13. Nd6+ Bxd6 14. exd6 Nxc3 15. bxc3 Nd5 16. Qxg7 Qf6 17. Qxf6 Nxf6 18. c4 0-0-0 19. Bf4 Nh5 20. Be3 Rxd6 21. Rab1 Nf6 22. Bf4 Rxd4 23. Be5 Rxc4 24. Bxf6 Rg8 25. g3 Rc2 26. Rb2 Rc5 27. Rd1 Rf5 28. Be7 Re8 29. Bh4 Rg8 30. Rbd2 Rd5 31. Kf1 Kc7 32. f3 Rg6 33. g4 Rg8 34. Bg3+ Kd7 35. Ke2 Kc8 36. Rxd5 exd5 37. Bf4 Re8+ 38. Kf2 Rh8 39. Re1 Kd7 40. h4 b6 41. Re5 Re8 42. Rxe8 Kxe8 43. Bxh6 d4 44. Ke2 c5 45. Kd3 Kd7 46. Bg7 Ke6 47. h5 f5 48. h6 Kf7 49. gxf5 a6 50. Bxd4 cxd4 51. Kxd4 Kf6 52. Kd5 b5 53. Kc5 Kf7 54. Kb6 b4 55. Kxa6 Kf6 56. Kb5 Kxf5 57. h7 Kf4 58. h8Q Kxf3 59. Qb2 b3 60. Qxb3+ Ke2 61. a4 Kd2 62. a5 Ke2 63. a6 Kf2 64. a7 Kg2 65. a8R Kh2 66. Ra2+ Kg1 67. Qb1# 1-0

[Event "Lugano Paradiso op"]
[Site "Lugano"]
[Date "2020.10.04"]
[Round "4"]
[White "D'Agostino, Maurizio"]
[Black "Scherler, Julius"]
[Result "0-1"]
[WhiteElo "1890"]
[BlackElo "1769"]
[PlyCount "68"]
[EventDate "2020.10.02"]
[EventType "swiss"]
[EventRounds "5"]
[EventCountry "SUI"]
[SourceTitle "CBM 198 Extra"]
[Source "ChessBase"]
[SourceDate "2020.11.30"]
[SourceVersion "1"]
[SourceVersionDate "2020.11.30"]
[SourceQuality "1"]

1. d4 Nf6 2. Nc3 d5 3. Bg5 Bf5 4. f3 c5 5. Bxf6 exf6 6. e3 Nc6 7. a3 cxd4 8. exd4 Qb6 9. Na4 Qxd4 10. Qxd4 Nxd4 11. 0-0-0 Nxc2 12. Bb5+ Ke7 13. Rxd5 Ne3 14. Rc5 Kd6 15. Kd2 Nd5 16. Ne2 a6 17. Rxd5+ Kxd5 18. Nb6+ Kc5 19. Nxa8 Bd6 20. b4+ Kxb5 21. Nd4+ Kc4 22. Nxf5 Bf4+ 23. Kc2 Rxa8 24. g3 g6 25. Nh4 Be5 26. Re1 Rd8 27. f4 Bc3 28. Re2 Rd3 29. Re7 Rd2+ 30. Kc1 Rxh2 31. Rxb7 Kb3 32. Kd1 Rd2+ 33. Kc1 Re2 34. Kd1 Re1# 0-1

[Event "EU-ch Online U12"]
[Site "Tornelo INT"]
[Date "2020.09.20"]
[Round "7"]
[White "Medhus, Vitus Bondo"]
[Black "Scherler, Julius"]
[Result "1-0"]
[WhiteElo "1516"]
[BlackElo "1809"]
[PlyCount "145"]
[EventDate "2020.09.18"]
[EventType "swiss (rapid)"]
[EventRounds "9"]
[EventCountry "ENG"]
[SourceTitle "EXT 2023"]
[Source "ChessBase"]
[SourceDate "2022.10.05"]
[SourceVersion "1"]
[SourceVersionDate "2022.10.05"]
[SourceQuality "1"]
[WhiteTeam "Denmark"]
[BlackTeam "Schweiz"]
[WhiteTeamCountry "DEN"]
[BlackTeamCountry "SUI"]

1. e4 c6 2. d4 d5 3. f3 e6 4. Nc3 Qb6 5. e5 c5 6. dxc5 Bxc5 7. Nh3 Bd7 8. Bd3 Nc6 9. f4 Nb4 10. a3 Nxd3+ 11. Qxd3 Nh6 12. b4 Bd4 13. Bb2 Nf5 14. 0-0-0 a5 15. bxa5 Rxa5 16. g4 Bb5 17. Nxb5 Rxb5 18. Bxd4 Nxd4 19. c4 Rc5 20. Kd2 Rxc4 21. Rb1 Qa5+ 22. Kd1 Qc7 23. Ke1 Rc1+ 24. Kf2 Rc2+ 25. Kf1 Rc1+ 26. Kg2 Rc2+ 27. Nf2 Ne2 28. Qb5+ Kd8 29. Qa4 Rc4 30. Qa8+ Qc8 31. Qxb7 Nxf4+ 32. Kg3 Ne2+ 33. Kh4 h5 34. Qxf7 hxg4+ 35. Kg5 Qd7 36. Qxd7+ Kxd7 37. Rb7+ Kc6 38. Rhb1 Rf8 39. Nd3 d4 40. R1b6+ Kd5 41. Nb4+ Ke4 42. Rxe6 d3 43. Rd6 Nc1 44. e6 Ke3 45. Rbd7 Rc5+ 46. Kg6 Rf6+ 47. Kxg7 Rf2 48. h4 d2 49. e7 Re5 50. Nd5+ Ke2 51. Nc3+ Ke1 52. h5 Rh2 53. h6 g3 54. Rg6 g2 55. h7 Ne2 56. Nxe2 Kxe2 57. h8Q Rxh8 58. Kxh8 d1Q 59. Rxg2+ Kf1 60. Rxd1+ Kxg2 61. Rd7 Kf3 62. Kg8 Kf4 63. Kf7 Rf5+ 64. Ke8 Ke5 65. Kd8 Kf6 66. e8Q Ra5 67. Rf7+ Kg5 68. Qg8+ Kh4 69. Rf4+ Kh3 70. Qh7+ Kg3 71. Qh4+ Kg2 72. Rf2+ Kg1 73. Qh2# 1-0

[Event "EU-ch Online U12"]
[Site "Tornelo INT"]
[Date "2020.09.19"]
[Round "5"]
[White "Azadaliyev, Jahandar"]
[Black "Scherler, Julius"]
[Result "1-0"]
[WhiteElo "1602"]
[BlackElo "1809"]
[PlyCount "129"]
[EventDate "2020.09.18"]
[EventType "swiss (rapid)"]
[EventRounds "9"]
[EventCountry "ENG"]
[SourceTitle "EXT 2023"]
[Source "ChessBase"]
[SourceDate "2022.10.05"]
[SourceVersion "1"]
[SourceVersionDate "2022.10.05"]
[SourceQuality "1"]
[WhiteTeam "Azerbaijan"]
[BlackTeam "Schweiz"]
[WhiteTeamCountry "AZE"]
[BlackTeamCountry "SUI"]

1. d4 Nf6 2. c4 c5 3. d5 g6 4. Nc3 Bg7 5. e4 0-0 6. f4 d6 7. Nf3 e6 8. Be2 a6 9. a4 Re8 10. Nd2 Nbd7 11. 0-0 exd5 12. cxd5 c4 13. Bf3 Nc5 14. e5 dxe5 15. fxe5 Rxe5 16. Nxc4 Re8 17. Be3 b6 18. a5 b5 19. Bxc5 bxc4 20. Re1 Rxe1+ 21. Qxe1 Bb7 22. Bb6 Qd7 23. Rd1 Re8 24. Qf1 Rc8 25. h3 Qd6 26. Bd4 Qb4 27. Bxf6 Bxf6 28. Bg4 Bxc3 29. Bxc8 Bxc8 30. bxc3 Qxa5 31. Qxc4 Bd7 32. d6 Qb6+ 33. Kh1 a5 34. Qc7 Qb5 35. c4 Qa4 36. Rf1 Be6 37. c5 Qb5 38. Qd8+ Kg7 39. Qf6+ Kg8 40. Rc1 Qc6 41. Kh2 a4 42. Qd4 a3 43. Ra1 a2 44. d7 Qc7+ 45. Qd6 Qxd7 46. Qxd7 Bxd7 47. Rxa2 Kf8 48. Ra7 Bc6 49. Kg3 Ke8 50. Rc7 Bd5 51. c6 Kd8 52. Rd7+ Kc8 53. Rxd5 h5 54. Rd7 h4+ 55. Kf4 g5+ 56. Ke5 g4 57. Kd6 gxh3 58. gxh3 f5 59. Rh7 Kb8 60. Rh8+ Ka7 61. c7 f4 62. c8Q f3 63. Qb8+ Ka6 64. Rh7 f2 65. Ra7# 1-0

[Event "EU-ch Online U12"]
[Site "Tornelo INT"]
[Date "2020.09.19"]
[Round "6"]
[White "Scherler, Julius"]
[Black "Shamatava, Nikolozi"]
[Result "0-1"]
[WhiteElo "1809"]
[BlackElo "1640"]
[PlyCount "76"]
[EventDate "2020.09.18"]
[EventType "swiss (rapid)"]
[EventRounds "9"]
[EventCountry "ENG"]
[SourceTitle "EXT 2023"]
[Source "ChessBase"]
[SourceDate "2022.10.05"]
[SourceVersion "1"]
[SourceVersionDate "2022.10.05"]
[SourceQuality "1"]
[WhiteTeam "Schweiz"]
[BlackTeam "Georgia"]
[WhiteTeamCountry "SUI"]
[BlackTeamCountry "GEO"]

1. e4 e5 2. Nf3 Nc6 3. d4 exd4 4. Nxd4 Bc5 5. Nb3 Bb6 6. Nc3 Nf6 7. Bd3 0-0 8. Bg5 h6 9. Bh4 Re8 10. Qc1 d5 11. 0-0 g5 12. Bxg5 hxg5 13. Qxg5+ Kf8 14. Rae1 Ng8 15. Qh5 Re5 16. Qh8 Qf6 17. Qh7 dxe4 18. Bxe4 Bf5 19. Bxf5 Qxf5 20. Qh4 Rae8 21. Rd1 Qxc2 22. Rd2 Qf5 23. Rdd1 Qf6 24. Qg3 Rg5 25. Qh3 Ne5 26. Kh1 Ng4 27. f3 Nf2+ 28. Rxf2 Bxf2 29. Ne4 Rxe4 30. fxe4 Kg7 31. Rf1 Nh6 32. Nd2 Ng4 33. Nf3 Qa6 34. g3 Rg6 35. Nh4 Qd3 36. Nxg6 fxg6 37. Qg2 Ne3 38. Qf3 Qxf1# 0-1

[Event "EU-ch Online U12"]
[Site "Tornelo INT"]
[Date "2020.09.19"]
[Round "4"]
[White "Scherler, Julius"]
[Black "Turkmen, Yusuf Cagan"]
[Result "0-1"]
[WhiteElo "1809"]
[BlackElo "1877"]
[PlyCount "116"]
[EventDate "2020.09.18"]
[EventType "swiss (rapid)"]
[EventRounds "9"]
[EventCountry "ENG"]
[SourceTitle "EXT 2023"]
[Source "ChessBase"]
[SourceDate "2022.10.05"]
[SourceVersion "1"]
[SourceVersionDate "2022.10.05"]
[SourceQuality "1"]
[WhiteTeam "Schweiz"]
[BlackTeam "Turkey"]
[WhiteTeamCountry "SUI"]
[BlackTeamCountry "TUR"]

1. e4 c5 2. Nc3 Nc6 3. Bb5 Nd4 4. Nf3 a6 5. Bc4 b5 6. Bd5 Rb8 7. d3 e6 8. Bb3 Nxb3 9. axb3 Bb7 10. 0-0 d6 11. Bf4 Nf6 12. h3 Be7 13. Qd2 0-0 14. Rfe1 h6 15. e5 dxe5 16. Nxe5 Nd5 17. Nxd5 Qxd5 18. f3 Rbc8 19. Re4 Kh7 20. Rae1 Qd8 21. Nxf7 Rxf7 22. Rxe6 Bg5 23. Bxg5 Qxg5 24. Qf2 Rxf3 25. h4 Rxf2 26. hxg5 Rxg2+ 27. Kf1 Rf8+ 28. Rf6 gxf6 29. Re7+ Kg6 30. Rxb7 Rxg5 31. b4 cxb4 32. c3 bxc3 33. bxc3 Rd8 34. c4 Rxd3 35. cxb5 Rxb5 36. Re7 Rb2 37. Ke1 Rg3 38. Kf1 Ra3 39. Re1 h5 40. Kg1 h4 41. Kh1 Rba2 42. Re4 Ra1+ 43. Kh2 R3a2+ 44. Kh3 Rh1+ 45. Kg4 f5+ 46. Kf4 fxe4 47. Ke3 Rh3+ 48. Kf4 Rf2+ 49. Ke5 Rf5+ 50. Kd4 e3 51. Kd3 a5 52. Ke2 a4 53. Kd3 a3 54. Kc2 e2 55. Kd2 a2 56. Ke1 a1Q+ 57. Kd2 e1Q+ 58. Kc2 Rc3# 0-1

[Event "EU-ch Online U12"]
[Site "Tornelo INT"]
[Date "2020.09.18"]
[Round "3"]
[White "Cherniaiev, Tykhon"]
[Black "Scherler, Julius"]
[Result "0-1"]
[WhiteElo "2219"]
[BlackElo "1809"]
[PlyCount "106"]
[EventDate "2020.09.18"]
[EventType "swiss (rapid)"]
[EventRounds "9"]
[EventCountry "ENG"]
[SourceTitle "EXT 2023"]
[Source "ChessBase"]
[SourceDate "2022.10.05"]
[SourceVersion "1"]
[SourceVersionDate "2022.10.05"]
[SourceQuality "1"]
[WhiteTeam "Ukraine"]
[BlackTeam "Schweiz"]
[WhiteTeamCountry "UKR"]
[BlackTeamCountry "SUI"]

1. d4 Nf6 2. c4 c5 3. d5 g6 4. Nc3 Bg7 5. e4 0-0 6. Bd3 d6 7. h3 e6 8. Nf3 Nfd7 9. 0-0 e5 10. Qc2 Na6 11. a3 Nc7 12. b4 b6 13. Rb1 Ne8 14. Be3 Rb8 15. bxc5 Nxc5 16. Bxc5 dxc5 17. Rfe1 Nd6 18. a4 Ba6 19. Nb5 Bxb5 20. axb5 Qd7 21. Ra1 Rb7 22. Ra6 Ra8 23. Qc3 Qe7 24. Re2 Re8 25. Qa1 Ra8 26. Rea2 Kf8 27. Nd2 Kg8 28. Nb3 Kf8 29. R2a4 Kg8 30. Qa3 f5 31. Nxc5 bxc5 32. Qxc5 fxe4 33. Bc2 Bf8 34. Rc6 Qg5 35. Ra1 Qd2 36. Ba4 Nf5 37. Rc8 Rxc8 38. Qxc8 Rf7 39. b6 Nh4 40. Qg4 Qxf2+ 41. Kh1 h5 42. Qg5 Rf5 43. Qxh4 Qxh4 44. bxa7 e3 45. a8Q e2 46. d6 Rf1+ 47. Kh2 Qf4+ 48. g3 Qf2+ 49. Qg2 Qxg2+ 50. Kxg2 Rxa1 51. d7 e1Q 52. d8Q Qf1+ 53. Kh2 Qh1# 0-1

[Event "Wil Acrevis op 1st"]
[Site "Wil"]
[Date "2020.06.20"]
[Round "3"]
[White "Bossi, Alessandro"]
[Black "Scherler, Julius"]
[Result "1/2-1/2"]
[WhiteElo "1964"]
[BlackElo "1734"]
[PlyCount "91"]
[EventDate "2020.06.19"]
[EventType "swiss"]
[EventRounds "5"]
[EventCountry "SUI"]
[SourceTitle "CBM 197 Extra"]
[Source "ChessBase"]
[SourceDate "2020.09.30"]
[SourceVersion "1"]
[SourceVersionDate "2020.09.30"]
[SourceQuality "1"]

1. c4 e5 2. Nc3 Nf6 3. Nf3 Nc6 4. e3 d5 5. cxd5 Nxd5 6. Bb5 f6 7. Qa4 Nde7 8. d4 Be6 9. e4 exd4 10. Nxd4 Bd7 11. Be3 a6 12. Be2 Nxd4 13. Qxd4 Nc6 14. Qd2 Be6 15. Rd1 Qxd2+ 16. Rxd2 Rd8 17. Rxd8+ Kxd8 18. 0-0 Kc8 19. Rc1 Bd6 20. a3 Rd8 21. f4 Re8 22. Kf2 Bd7 23. Bd3 h6 24. b4 Kb8 25. Nd5 Ne7 26. Bc5 Nxd5 27. Bxd6 cxd6 28. exd5 Rc8 29. Rxc8+ Kxc8 30. Bg6 Kc7 31. Ke3 Kb6 32. Kd4 Kb5 33. Kc3 Ka4 34. Kb2 a5 35. Bc2+ Kb5 36. Kc3 axb4+ 37. axb4 Be8 38. Bf5 Ka4 39. Bc8 b6 40. f5 b5 41. h3 h5 42. h4 g6 43. Be6 gxf5 44. g3 Bg6 45. Bg8 Be8 46. Be6 1/2-1/2

[Event "Wil Acrevis op 1st"]
[Site "Wil"]
[Date "2020.06.20"]
[Round "2"]
[White "Scherler, Julius"]
[Black "Schmidbauer, Frank"]
[Result "1/2-1/2"]
[WhiteElo "1734"]
[BlackElo "2048"]
[PlyCount "29"]
[EventDate "2020.06.19"]
[EventType "swiss"]
[EventRounds "5"]
[EventCountry "SUI"]
[SourceTitle "CBM 197 Extra"]
[Source "ChessBase"]
[SourceDate "2020.09.30"]
[SourceVersion "1"]
[SourceVersionDate "2020.09.30"]
[SourceQuality "1"]

1. e4 d6 2. d4 Nf6 3. Nc3 e5 4. Nf3 Nbd7 5. Bc4 Be7 6. 0-0 0-0 7. Re1 c6 8. a4 b6 9. h3 a6 10. Be3 Rb8 11. b4 b5 12. axb5 cxb5 13. Bd3 Qc7 14. Qd2 Re8 15. d5 1/2-1/2